000 01184nam a2200325Ia 4500
003 OSt
005 20221007123928.0
006 a|||||r|||| 00| 0
007 ta
008 221006b |||||||| |||| 00| 0 eng d
020 _a9780387729466 (hbd)
024 _a82183
037 _cTextbook
040 _aCDL
_cCDL
_beng
041 _2eng
_aeng
082 _aE:283, P8 Carc
100 _aAbd-Ei-Aziz Alaa S Ed.
_9718142
245 0 _aInorganic and organometallic macromolecules:design and applications
_b Carraher Charles E Ed. Pittman Charles U Ed. Zeldin Martel Ed.
260 _aNew
_bYork Springer
_c2008
300 _axii, 475p.
_ccm.
500 _aIncludes bibliographical references.; Index 465-475p.
650 _a Macromolecules
_9718143
650 _a Organometallic macromolecules
_9718144
650 _aInorganic chemistry
_9185095
700 _a Carraher Charles E Ed.
_9718145
700 _a Pittman Charles U Ed.
_9718146
700 _a Zeldin Martel Ed.
_9718147
942 _hE:283, P8 Carc
_cTB
_2CC
999 _c1212671
_d1212671